Možnosti extrakcie a stanovenia vybraných zlúčenín zo skupiny (alfa)hydroxykyselín pre analýzu kozmetických vzoriek

Gespeichert in:
Bibliographische Detailangaben
1. Verfasser: Sokolová, Emma (Verfasst von)
Weitere Verfasser: Hroboňová, Katarína (Betreuung Doktorarbeit)
Format: Manuskript Buch
Sprache:Slowakisch
Veröffentlicht: 2021
Schlagworte:
Online-Zugang:http://is.stuba.sk/zp/portal_zp.pl?podrobnosti=149066
Tags: Tag hinzufügen
Keine Tags, Fügen Sie das erste Tag hinzu!

MARC

LEADER 00000ntm a22000003a 4500
001 stuzp83689
003 SK-STU
005 20210626211001.9
007 ta
008 150427s2015----xo-----f-mn---000-0-slo-d
040 |a STU  |b slo 
041 0 |a slo 
100 1 |a Sokolová, Emma  |u 041000  |4 aut  |U FCHPT Fakulta chemickej a potravinárskej technológie  |T FCHPT Ústav analytickej chémie  |X 97532  |U C1000  |Y 99  |7 97532 
242 0 1 |a Possibilities of extraction and determination of selected compounds of alpha-hydroxy acids group for analysis of cosmetic samples  |y eng 
245 1 0 |a Možnosti extrakcie a stanovenia vybraných zlúčenín zo skupiny (alfa)hydroxykyselín pre analýzu kozmetických vzoriek 
260 |c 2021 
650 4 |a vysokoúčinná kvapalinová chromatografia  |2 slo 
650 4 |a extrakcia  |2 slo 
650 4 |a kozmetické vzorky  |2 slo 
650 4 |a kyselina mliečna  |2 slo 
650 4 |a lactic acid  |2 eng 
650 4 |a high-performance liquid chromatography  |2 eng 
650 4 |a extraction  |2 eng 
650 4 |a cosmetic samples  |2 eng 
700 1 |a Hroboňová, Katarína  |u 041000  |k Z1  |4 ths  |U FCHPT Fakulta chemickej a potravinárskej technológie  |T FCHPT Ústav analytickej chémie  |X 3931  |U C1000  |Y 99  |7 A000003931 
856 4 |u http://is.stuba.sk/zp/portal_zp.pl?podrobnosti=149066